|
|
|
|
| LEADER |
00000naa2a2200000 4500 |
| 001 |
381290 |
| 005 |
20231101062817.0 |
| 035 |
|
|
|a (RuTPU)RU\TPU\prd\3597
|
| 090 |
|
|
|a 381290
|
| 100 |
|
|
|a 20020429a2002 k y0rusy50 ca
|
| 101 |
0 |
|
|a rus
|
| 102 |
|
|
|a RU
|
| 200 |
1 |
|
|a Анализ отраслевой организации рынков. Лекция 5. Фирма как субъект отраслевого рынка
|f В. Третьяк
|e Курс лекций
|
| 225 |
1 |
|
|a Экономист в аудитории
|
| 311 |
|
|
|a Лекции 1, 2, 3 и 4 - соответственно в №№ 5-6, 7, 9 и 10 за 2001 г.
|
| 461 |
|
1 |
|0 (RuTPU)RU\TPU\prd\905
|x 0869-4672
|t Экономист
|o научно-практический журнал
|f Министерство экономического развития и торговли
|d 1991-
|d 1991-
|
| 463 |
|
1 |
|0 (RuTPU)RU\TPU\prd\2509
|t № 1
|v С. 78-82
|d 2002
|
| 610 |
1 |
|
|a рынки
|
| 610 |
1 |
|
|a отраслевая организация
|
| 610 |
1 |
|
|a фирмы
|
| 610 |
1 |
|
|a комерческие организации
|
| 610 |
1 |
|
|a акционеры
|
| 700 |
|
1 |
|a Третьяк
|b В.
|g Владимир Петрович
|
| 801 |
|
1 |
|a RU
|b 63413507
|c 20020429
|g PSBO
|
| 801 |
|
2 |
|a RU
|b 63413507
|c 20120128
|g PSBO
|
| 942 |
|
|
|c BK
|